000 00476nam a2200145 a 4500
001 000044560
005 20201002045449.0
008 140716s1974 xxuac 000 0 spa d
040 _aDO-SdBNP
_bspa
_cBNPHU
082 _axxxx
_bxxxx
100 1 _aAngulo Rivera, Rafael
_972578
245 1 0 _aVida pasión y muerte del inmortal Roberto Clemente /
_cRafael Angulo Rivera, Jesus M. Ayuso Rosario.
260 _a[S. l.] :
_bs.n.,
_c[1974?].
300 _a190 p. :
_bil., retrs. ;
_c21 cm.
999 _c44049
_d44049